[Event "Challenge"]
[Site "http://www.queenalice.com/game.php?id=644452"]
[Date "2009.8.29"]
[Round "-"]
[White "Murderface"]
[Black "chessguru"]
[Result "1-0"]
[WhiteElo "1629"]
[BlackElo "1791"]

1. e4 e5 2. d4 Nc6 3. d5 Nce7 4. Nf3 f6 5. Bc4 d6 6. O-O Bd7 7. Nc3 Ng6 8. b3
N8e7 9. Bb2 c6 10. dxc6 Nxc6 11. Nb5 Bg4 12. Ba3 Bxf3 13. Qxf3 a6 14. Nc3 Nd4
15. Qd1 b5 16. Bd5 Rb8 17. Ne2 Nxe2+ 18. Qxe2 Qc7 19. g3 Ne7 20. Be6 Nc6 21. c3
Nd8 22. Bd5 Qxc3 23. Rac1 Qa5 24. Rc6 Qxa3 25. Rc7 Qa5 26. Rfc1 h5 27. Qf3 Rb7
28. Bxb7 1-0

[Event "Challenge"]
[Site "http://www.queenalice.com/game.php?id=645357"]
[Date "2009.9.1"]
[Round "-"]
[White "paulofreitas"]
[Black "chessguru"]
[Result "0-1"]
[WhiteElo "1521"]
[BlackElo "1676"]

1. e4 e5 2. Nf3 Nc6 3. Be2 Nf6 4. Nc3 Bc5 5. d3 O-O 6. Be3 Bxe3 7. fxe3 d6 8. d4
Bg4 9. a3 Bxf3 10. Bxf3 a6 11. O-O Ne7 12. Nd5 Nexd5 13. exd5 e4 14. Be2 Nxd5
15. Rf5 Nxe3 16. Qd2 Nxf5 17. d5 Qf6 18. c3 e3 19. Qc2 Nh4 20. Rf1 Qg5 21. g3 f5
22. Kh1 Ng6 23. Rg1 f4 24. h4 Qxd5+ 25. Kh2 fxg3+ 26. Rxg3 Rf2+ 27. Kg1 Nf4 28.
Rxe3 Qg2# 0-1

[Event "Challenge"]
[Site "http://www.queenalice.com/game.php?id=649216"]
[Date "2009.9.8"]
[Round "-"]
[White "justeldiablo"]
[Black "chessguru"]
[Result "0-1"]
[WhiteElo "1951"]
[BlackElo "1711"]

1. e4 Nf6 2. Nc3 e5 3. a3 Nc6 4. Bb5 Nd4 5. Bd3 c6 6. Nf3 Nxf3+ 7. Qxf3 Bc5 8.
Qg3 O-O 9. Qxe5 Bxf2+ 10. Kf1 Re8 11. Qf4 Bd4 12. Ne2 Be5 13. Qh4 Bc7 14. c4
Nxe4 15. Qxd8 Bxd8 16. Bxe4 Rxe4 17. d3 Re8 18. h4 d5 19. Ng3 Bc7 20. Nh5 Bg4
21. Nf4 dxc4 22. dxc4 Re4 23. g3 Rxc4 24. b4 Be5 25. Rb1 Bf5 26. Rb3 Rxc1+ 27.
Kf2 Bd4+ 0-1

[Event "Let's Play Chess!"]
[Site "http://www.queenalice.com/game.php?id=661849"]
[Date "2009.10.3"]
[Round "-"]
[White "chessguru"]
[Black "Abstro"]
[Result "1-0"]
[WhiteElo "1859"]
[BlackElo "1953"]

1. e4 e5 2. Nf3 Nc6 3. Bb5 Nf6 4. Nc3 d6 5. Bxc6+ bxc6 6. d3 h6 7. O-O Bg4 8.
Be3 d5 9. exd5 cxd5 10. Bd2 Be7 11. h3 Bxf3 12. Qxf3 d4 13. Qc6+ Nd7 14. Nb5 O-O
15. Qxc7 Qxc7 16. Nxc7 Rac8 17. Nd5 Bd6 18. Rac1 Rc5 19. c4 dxc3 20. Nxc3 f5 21.
b4 Rc6 22. a3 Rb8 23. Nd5 Ra6 24. Rc3 f4 25. Rfc1 Rb5 26. Rc8+ Kh7 27. Nc3 Rb7
28. Ne4 Bb8 29. R1c3 g5 30. Nc5 Nxc5 31. bxc5 Ra4 32. c6 Rc7 33. Rxb8 Ra6 34.
Rb7 Rxb7 35. cxb7 Rb6 36. Rc7+ 1-0

[Event "Challenge"]
[Site "http://www.queenalice.com/game.php?id=664860"]
[Date "2009.10.9"]
[Round "-"]
[White "chessguru"]
[Black "forth_generation"]
[Result "0-1"]
[WhiteElo "1894"]
[BlackElo "2068"]

1. e4 c5 2. Nf3 d6 3. d4 cxd4 4. Nxd4 Nf6 5. Nc3 a6 6. Bg5 Nbd7 7. Be2 g6 8. O-O
h6 9. Be3 b6 10. Nc6 Qc7 11. Nb4 e6 12. a3 Bb7 13. Qd4 Be7 14. Rfd1 Kf8 15. f3
Kg7 16. Nd3 e5 17. Qa4 b5 18. Qb3 Nc5 19. Qa2 Ne6 20. Nb4 Rhe8 21. a4 Nf4 22.
Bxf4 exf4 23. Kf1 Qc5 24. Qb3 Bd8 25. a5 Rc8 26. Nd3 Qe3 27. Nf2 Be7 28. Rd3 Qc5
29. Rd2 Rb8 30. Nd3 Qe3 31. Rad1 Rbc8 32. Nf2 d5 33. exd5 Bd6 34. Bd3 Be5 35.
Re2 Qa7 36. d6 Rcd8 37. Bxb5 axb5 38. Nxb5 Qxa5 39. Nc7 Bc6 40. Nxe8+ Bxe8 41.
Ng4 Nxg4 42. fxg4 Bxd6 43. Rd5 Qc7 44. Qd3 Bc6 45. Rd4 Qb6 46. Rd2 Bc7 47. Rxd8
Bxd8 48. c4 Bf6 49. Qc2 f3 50. gxf3 Bxf3 51. c5 Qe6 52. h3 Qe5 53. Rh2 Qg3 54.
Qf2 Qf4 55. Qc2 Bxg4+ 56. Qf2 Qc4+ 57. Kg2 Bd7 58. Kh1 Qc1+ 59. Qg1 Bc6+ 60. Rg2
Qf4 61. Qd1 Qe3 62. Qh5 Bd4 0-1

[Event "Challenge"]
[Site "http://www.queenalice.com/game.php?id=672635"]
[Date "2009.10.26"]
[Round "-"]
[White "Nyvang"]
[Black "chessguru"]
[Result "0-1"]
[WhiteElo "1867"]
[BlackElo "1879"]

1. d4 Nf6 2. Nc3 d5 3. Bf4 Bf5 4. f3 e6 5. a3 c6 6. h4 Nh5 7. Qd2 Nxf4 8. e4
dxe4 9. fxe4 Nh5 10. exf5 Ng3 11. Rh3 Nxf5 12. Nf3 Be7 13. g4 Nxh4 14. O-O-O
Nxf3 15. Rxf3 Bg5 16. Re3 O-O 17. Ne4 Bxe3 18. Qxe3 Nd7 19. Bd3 Nf6 20. g5 Nxe4
21. Bxe4 Qe7 22. Rh1 g6 23. Kb1 f5 24. Bd3 b5 25. Qe5 Rad8 26. c4 a6 27. c5 Rd5
28. Qf4 e5 29. Qe3 Rxd4 30. Bc2 Qxc5 31. Qh3 Rf7 32. Bb3 Rd5 33. Bxd5 cxd5 34.
Rc1 Qd6 35. Qh6 Qe6 36. b4 e4 37. Qh2 f4 38. Rc5 e3 39. Qc2 Rf8 40. Rc6 Qe5 41.
Rxg6+ hxg6 42. Qxg6+ Qg7 0-1

[Event "Challenge"]
[Site "http://www.queenalice.com/game.php?id=675863"]
[Date "2009.11.1"]
[Round "-"]
[White "Imbolt1"]
[Black "chessguru"]
[Result "0-1"]
[WhiteElo "1815"]
[BlackElo "1903"]

1. d4 d5 2. b4 Nf6 3. f3 e6 4. a3 Nc6 5. Bb2 Ne7 6. g4 h6 7. h4 Qd6 8. Rh3 Bd7
9. c3 e5 10. e3 e4 11. f4 Bxg4 12. Qa4+ c6 13. Rg3 Nf5 14. Rxg4 Nxg4 15. Bh3
Ngxe3 16. Bc1 Qxf4 17. Ne2 Qxh4+ 18. Kd2 Qxh3 19. c4 Nxc4+ 20. Kc2 Qd3# 0-1

[Event "Challenge"]
[Site "http://www.queenalice.com/game.php?id=677307"]
[Date "2009.11.3"]
[Round "-"]
[White "Nyvang"]
[Black "chessguru"]
[Result "0-1"]
[WhiteElo "1853"]
[BlackElo "1922"]

1. d4 d5 2. Nc3 Nf6 3. Bf4 a6 4. Qd3 Nc6 5. a3 e6 6. Nf3 Be7 7. e4 dxe4 8. Nxe4
Nxe4 9. Qxe4 g5 10. Be3 f5 11. Qd3 Bf6 12. Ne5 Nxe5 13. dxe5 Qxd3 14. Bxd3 Bxe5
15. O-O-O Bf6 16. f4 g4 17. g3 Bd7 18. Rhe1 O-O-O 19. Ba7 h5 20. Bf1 h4 21. Re3
e5 22. Rb3 Be6 23. Rxd8+ Rxd8 24. c4 b6 25. fxe5 Bxe5 26. Rb4 Bd6 27. c5 Bxc5
28. Bxa6+ Kd7 29. Bb5+ Ke7 0-1

[Event "Challenge"]
[Site "http://www.queenalice.com/game.php?id=681604"]
[Date "2009.11.12"]
[Round "-"]
[White "Nyvang"]
[Black "chessguru"]
[Result "0-1"]
[WhiteElo "1853"]
[BlackElo "1940"]

1. d4 d5 2. Nc3 Nf6 3. Bf4 a6 4. h3 Nc6 5. Nf3 e6 6. e3 Bb4 7. a3 Bxc3+ 8. bxc3
Na5 9. Bd3 O-O 10. Qe2 Bd7 11. c4 Nxc4 12. Bxc4 dxc4 13. O-O Nd5 14. a4 Nxf4 15.
exf4 Bc6 16. Ne5 Qxd4 17. Nxc6 bxc6 18. Qe5 Qd6 19. Rfd1 Qxe5 20. fxe5 Rfd8 21.
a5 Rd5 22. f4 Rad8 23. Rdb1 Rb5 24. g4 g6 25. h4 c3 26. Rd1 Rdd5 27. Rd3 Rxd3
0-1

[Event "BLITZ"]
[Site "http://www.queenalice.com/game.php?id=687494"]
[Date "2009.11.24"]
[Round "-"]
[White "wiking"]
[Black "chessguru"]
[Result "1-0"]
[WhiteElo "2127"]
[BlackElo "1956"]

1. b4 d5 2. Bb2 Bg4 3. Nf3 Nf6 4. e3 Nbd7 5. Be2 e6 6. b5 Bd6 7. O-O O-O 8. h3
Bh5 9. c4 dxc4 10. Bxc4 Rc8 11. d4 c6 12. Nbd2 Nb6 13. Bd3 cxb5 14. Bxb5 Nbd5
15. Qb3 Bg6 16. Rfc1 Ne4 17. Rxc8 Qxc8 18. Rc1 Qb8 19. Nxe4 Bxe4 20. Nd2 Bg6 21.
e4 Ne7 22. e5 Bc7 23. Ba3 Ba5 24. Nc4 Bd8 25. Bd6 Qa8 26. Qa3 Be4 27. Bxe7 Bxe7
28. Qxe7 Bd5 29. Ne3 Bxa2 30. Ra1 Bd5 31. Nxd5 exd5 32. Bd7 Qb8 33. Rb1 b6 34.
Bc6 h6 35. Bxd5 h5 36. Rc1 Qe8 37. Qxa7 Qd8 38. Qb7 Qb8 39. Bxf7+ Kh8 40. Qf3
1-0

[Event "Challenge"]
[Site "http://www.queenalice.com/game.php?id=689002"]
[Date "2009.11.26"]
[Round "-"]
[White "McKubik"]
[Black "chessguru"]
[Result "0-1"]
[WhiteElo "1267"]
[BlackElo "1956"]

1. e4 e5 2. Nf3 Nc6 3. d4 exd4 4. c3 dxc3 5. bxc3 Qe7 6. Ba3 Qxe4+ 7. Be2 Bxa3
8. Nxa3 Qe7 9. O-O Qxa3 10. Qd2 Nf6 11. Nh4 O-O 12. Bf3 Ne5 13. Be2 d6 14. Rab1
Ne4 15. Qd4 Nxc3 16. Bh5 Nxb1 17. Rxb1 Qxa2 18. Rf1 Be6 19. Re1 b5 20. g3 Bh3
21. Be2 a6 22. Qe4 Rae8 23. Qb7 Nd3 24. Rc1 Qxe2 25. Qg2 Bxg2 26. Kxg2 Qxf2+ 27.
Kh3 Nxc1 28. Kg4 Re4+ 29. Kg5 h6+ 0-1

[Event "Desafio na chuva"]
[Site "http://www.queenalice.com/game.php?id=690654"]
[Date "2009.11.29"]
[Round "-"]
[White "chessguru"]
[Black "Menalque"]
[Result "1-0"]
[WhiteElo "1969"]
[BlackElo "1904"]

1. e4 e6 2. d4 d5 3. Nc3 Nf6 4. e5 Nfd7 5. Nf3 c5 6. dxc5 Bxc5 7. Bb5 a6 8.
Bxd7+ Bxd7 9. O-O Bc6 10. Nd4 Nd7 11. Nxc6 bxc6 12. Qg4 g6 13. Bg5 Be7 14. Bxe7
Qxe7 15. Qf4 O-O 16. Rfd1 Ra7 17. a3 Qd8 18. Rab1 a5 19. Qe3 Qc7 20. Re1 Rb7 21.
Kf1 c5 22. Qf4 Rfb8 23. a4 Nb6 24. Nb5 Qd7 25. b3 Nc8 26. Re3 h5 27. Rf3 Qc6 28.
Rg3 Kh7 29. Rd1 Rd7 30. Rgd3 Na7 31. Nd6 Rf8 32. Ne4 Rc7 33. Nf6+ Kg7 34. Nxh5+
Kh7 35. Rh3 Rh8 36. Qf6 1-0

[Event "Challenge"]
[Site "http://www.queenalice.com/game.php?id=725228"]
[Date "2010.2.3"]
[Round "-"]
[White "ORNELAS"]
[Black "chessguru"]
[Result "0-1"]
[WhiteElo "1641"]
[BlackElo "1998"]

1. e4 c5 2. Bc4 e6 3. e5 Qg5 4. Qf3 Qxe5+ 5. Ne2 d5 6. Bb5+ Bd7 7. Bxd7+ Nxd7 8.
d3 Ngf6 9. O-O Bd6 10. g3 O-O 11. Bf4 Qxb2 12. Bxd6 Qxa1 13. Bxf8 Rxf8 14. Nd2
Qxa2 15. Nf4 Qxc2 16. Qe2 a5 17. Rd1 b5 18. Qe1 e5 19. Ne2 Qxd3 20. Nb1 Qf3 21.
Nbc3 b4 22. Nb5 a4 23. h3 Rb8 24. Nd6 b3 25. Kh2 b2 26. Nc3 a3 27. Rb1 Ra8 28.
Na2 Ra6 29. Nb5 Ne4 30. Kg1 Rg6 31. Nxa3 Nxg3 32. fxg3 Rxg3+ 33. Kh2 Qg2# 0-1

[Event "Let's Play Chess!"]
[Site "http://www.queenalice.com/game.php?id=734220"]
[Date "2010.2.19"]
[Round "-"]
[White "elche"]
[Black "chessguru"]
[Result "0-1"]
[WhiteElo "1708"]
[BlackElo "2002"]

1. e4 c5 2. Nc3 Nc6 3. g3 e5 4. Bg2 d6 5. d3 Nf6 6. Nge2 Be7 7. O-O O-O 8. f4
Bg4 9. h3 Bd7 10. Kh2 exf4 11. Bxf4 Qb6 12. Rb1 Rfd8 13. a3 Be6 14. Be3 Ne5 15.
Nd5 Bxd5 16. exd5 Neg4+ 17. hxg4 Nxg4+ 18. Kg1 Nxe3 19. Qd2 Nxf1 20. Kxf1 Re8
21. c4 Qd8 22. Nf4 Bg5 23. Re1 Qf6 24. Qf2 Bxf4 25. gxf4 Rxe1+ 26. Kxe1 Re8+ 27.
Kd2 Qxb2+ 0-1

[Event "Challenge"]
[Site "http://www.queenalice.com/game.php?id=734253"]
[Date "2010.2.19"]
[Round "-"]
[White "babycrocket"]
[Black "chessguru"]
[Result "0-1"]
[WhiteElo "1644"]
[BlackElo "2000"]

1. e4 e5 2. Nf3 Nc6 3. d3 Nf6 4. h3 Bc5 5. Be2 d6 6. c3 a6 7. a4 O-O 8. O-O Ba7
9. Bg5 Be6 10. Re1 h6 11. Bc1 d5 12. Nbd2 d4 13. Nf1 dxc3 14. bxc3 Qe7 15. Ba3
Bc5 16. Bc1 Rfd8 17. Ng3 Qf8 18. Bd2 Bd6 19. d4 exd4 20. cxd4 Bxg3 21. fxg3 Nxe4
22. Bxa6 Nxd2 23. Bxb7 Nxf3+ 24. gxf3 Qd6 0-1

[Event "Challenge"]
[Site "http://www.queenalice.com/game.php?id=734447"]
[Date "2010.2.19"]
[Round "-"]
[White "chessguru"]
[Black "babycrocket"]
[Result "1-0"]
[WhiteElo "2006"]
[BlackElo "1637"]

1. e4 e5 2. Nf3 Nc6 3. Bb5 a6 4. Bxc6 dxc6 5. d4 exd4 6. Qxd4 Qxd4 7. Nxd4 Bd7
8. Be3 O-O-O 9. Nc3 g6 10. O-O-O Bg7 11. Na4 f5 12. Nc5 Ne7 13. Bg5 Rhe8 14.
Nde6 Bxe6 15. Rxd8+ Kxd8 16. Nxe6+ 1-0